000 00204nam a22000977a 4500
999 _c15931
_d15931
003 OSt
008 191023b ||||| |||| 00| 0 eng d
100 _aBhasi, malaparamba
_94412
245 _aNot
942 _cBK